Atti del XII Capitolo Provinciale (Record n. 98289)
[ formato base ]
| 000 -LEADER | |
|---|---|
| fixed length control field | 00836nam a22001817a 4500 |
| 003 - CONTROL NUMBER IDENTIFIER | |
| control field | IT-RoPau |
| 005 - DATE AND TIME OF LATEST TRANSACTION | |
| control field | 20220918181102.0 |
| 008 - FIXED-LENGTH DATA ELEMENTS--GENERAL INFORMATION | |
| fixed length control field | 130326b xxu||||| |||| 00| 0 eng d |
| 040 ## - CATALOGING SOURCE | |
| Transcribing agency | IT-RoPau |
| 100 ## - MAIN ENTRY--PERSONAL NAME | |
| Personal name | SSP Provincia Italia |
| 9 (RLIN) | 502 |
| 245 ## - TITLE STATEMENT | |
| Title | Atti del XII Capitolo Provinciale |
| Remainder of title | (Ariccia, 8-19 ottobre 2002) |
| 250 ## - EDITION STATEMENT | |
| Edition statement | 1° ed |
| 260 ## - PUBLICATION, DISTRIBUTION, ETC. (IMPRINT) | |
| Place of publication, distribution, etc. | Roma |
| Name of publisher, distributor, etc. | SSP Provincia Italia |
| Date of publication, distribution, etc. | 2002 |
| 300 ## - PHYSICAL DESCRIPTION | |
| Extent | 78 pp. |
| Dimensions | 21 cm |
| 490 ## - SERIES STATEMENT | |
| Series statement | San Paolo |
| Volume/sequential designation | n. 1 - Gennaio 2003 |
| 520 ## - SUMMARY, ETC. | |
| Summary, etc. | Indice<br/>Prima parte - Documento Programmatico<br/>Aree problematiche<br/>Linee programmatiche<br/><br/>Seconda parte - Documentazione<br/>Linee di orientamento del Superiore Generale<br/>Intervento del Superiore Generale<br/>Relazione del Superiore Provinciale<br/>Messaggi alle Comuniità<br/><br/>Terza parte - Contributi al capitolo<br/>P. Raniero Cantalamessa <br/>P. Pierluigi nava <br/> |
| 942 ## - ADDED ENTRY ELEMENTS (KOHA) | |
| Source of classification or shelving scheme | Dewey Decimal Classification |
| Koha item type | LIBRO |
| Withdrawn status | Lost status | Source of classification or shelving scheme | Damaged status | Not for loan | Home library | Current library | Date acquired | Total Checkouts | Full call number | Date last seen | Price effective from | Koha item type |
|---|---|---|---|---|---|---|---|---|---|---|---|---|
| Dewey Decimal Classification | Buone Condizioni | Not For Loan | PAULUS-BIBLIOTECA | PAULUS-BIBLIOTECA | 26/03/2013 | P C4 | 26/03/2013 | 26/03/2013 | LIBRO |